| 000 -LEADER |
| fixed length control field |
01169nam a22002897a 4500 |
| 008 - FIXED-LENGTH DATA ELEMENTS--GENERAL INFORMATION |
| fixed length control field |
250528b xxu||||| |||| 00| 0 eng d |
| 040 ## - CATALOGING SOURCE |
| Original cataloging agency |
Cagayan State University |
| Description conventions |
RDA |
| 082 ## - DEWEY DECIMAL CLASSIFICATION NUMBER |
| Classification number |
791.4372 |
| Item number |
M4791 2024 |
| 245 ## - TITLE STATEMENT |
| Title |
Mea Culpa / directed and written by Tyler Perry ; produced by Tyler Perry, Dianne Ashford, Will Areu, Angi Bones, Kelly Rowland. |
| 260 ## - PUBLICATION, DISTRIBUTION, ETC. (IMPRINT) |
| Place of publication, distribution, etc |
United States : |
| Name of publisher, distributor, etc |
Netflix, |
| Date of publication, distribution, etc |
2024. |
| 300 ## - PHYSICAL DESCRIPTION |
| Extent |
1 videofile, (ca. 120 mins.) : |
| Other physical details |
sound, color. |
| 520 ## - SUMMARY, ETC. |
| Summary, etc |
A criminal defense attorney, unhappy in her marriage, finds herself seduced by her mysterious new client, an artist accused of murdering his girlfriend |
| 521 ## - TARGET AUDIENCE NOTE |
| Target audience note |
Rated R for strong sexual content, graphic nudity, language, some violence and drug use. |
| 650 ## - SUBJECT ADDED ENTRY--TOPICAL TERM |
| Topical term or geographic name as entry element |
Erothic Thriller. |
| 650 ## - SUBJECT ADDED ENTRY--TOPICAL TERM |
| Topical term or geographic name as entry element |
Crime. |
| 650 ## - SUBJECT ADDED ENTRY--TOPICAL TERM |
| Topical term or geographic name as entry element |
Drama. |
| 650 ## - SUBJECT ADDED ENTRY--TOPICAL TERM |
| Topical term or geographic name as entry element |
Thriller. |
| 700 ## - ADDED ENTRY--PERSONAL NAME |
| Personal name |
Rowland, Kelly, star. |
| 700 ## - ADDED ENTRY--PERSONAL NAME |
| Personal name |
Rhodes, Trevante, star. |
| 700 ## - ADDED ENTRY--PERSONAL NAME |
| Personal name |
Sagar, Nick, star. |
| 700 ## - ADDED ENTRY--PERSONAL NAME |
| Personal name |
Lee, RonReaco, star. |
| 700 ## - ADDED ENTRY--PERSONAL NAME |
| Personal name |
Sagar, Sean, star. |
| 700 ## - ADDED ENTRY--PERSONAL NAME |
| Personal name |
Thornton, Shannon, star. |
| 700 ## - ADDED ENTRY--PERSONAL NAME |
| Personal name |
Burmester, Cory, cinematographer. |
| 700 ## - ADDED ENTRY--PERSONAL NAME |
| Personal name |
Sexton, Larry, editor. |
| 942 ## - ADDED ENTRY ELEMENTS (KOHA) |
| Source of classification or shelving scheme |
|
| Item type |
Audio-Visual Materials |